000
00327nam a2200145Ia 4500
008
230718s9999 xx 000 0 und d
041
_a
Eng.
082
_a
346.52
_b
MAL-T
100
_a
Malik,M.A
245
4
_a
The succession act
260
_a
Pakistan
_b
PLD PUBLISHERS
_c
1999
300
_a
208
650
_a
Law
999
_c
30243
_d
30243